000 00291nam a22001337a 4500
008 170424b xxu||||| |||| 00| 0 eng d
020 _a9781893858398
041 _aeng
080 _a547
100 _a12
101 _aSHM
245 _aMCAT/ ORGANIC CHEMISTRY
_cORSAY, J
942 _2udc
_cBK
999 _c11667
_d11667